000 00424nam a22001697a 4500
005 20241101123414.0
008 241101b |||||||| |||| 00| 0 eng d
020 _a9781137575517
100 _aDavies Paula & Bausuita Paven
245 _aFamily Law
250 _aNinth Edition
260 _aUK
_bPalgrave
_c2017
300 _aliv, 521 pages
_c24 cm
500 _aIncludes index
650 _2Family Law
942 _2lcc
_cBK
_n0
999 _c512
_d512